Music Quiz

Random Music or Singers Quiz

Song by Music Video: Jennifer Lopez Quiz Stats

Quiz not verified by Sporcle

Challenge
Share
Tweet
Score 0/9 Timer 02:00
0 Plays Today
% Correct
Jenny from the Block (2002)
87.2%
Love Don't Cost a Thing (2001)
86.7%
Waiting for Tonight (1999)
79.1%
Let's Get Loud (1999)
75.8%
If You Had My Love (1999)
74.4%
On the Floor (2011)
73%
I'm Real (2001)
72%
All I Have (2002)
69.7%
I'm Gonna Be Alright (2001)
63%

You're not logged in!

Compare scores with friends on all Sporcle quizzes.
Sign Up with Email
OR
Log In

You Might Also Like...

Show Comments

Extras

Top Quizzes Today


Score Distribution

Your Account Isn't Verified!

In order to create a playlist on Sporcle, you need to verify the email address you used during registration. Go to your Sporcle Settings to finish the process.